000 00466 a2200157 4500
001 ART_50636
005 20260410161955.0
008 260409a
245 1 0 _aAjuste por inflación contable
100 1 _aRondi, Gustavo R.
700 1 _aCasal, María del Carmen
700 1 _aGalante, Marcelo J.
700 1 _aGómez, Melisa
700 1 _aGiai Levra, Valeria
773 0 _tTemas de derecho comercial
_g- Año 6, N° 2 (feb. 2020)
_wREV28151
999 _c30740
_d30740